[Event "52nd World Juniors 2013"]
[Site "Kocaeli TUR"]
[Date "2013.09.19"]
[Round "7.4"]
[White "Stukopin,A"]
[Black "Cori,J"]
[Result "0-1"]
[WhiteElo "2522"]
[BlackElo "2587"]

1.e4 c5 2.Nf3 e6 3.d4 cxd4 4.Nxd4 Nc6 5.Nc3 Qc7 6.Be3 a6 7.Qd2 Nf6 8.f4 d6
9.Be2 Bd7 10.O-O Be7 11.Rad1 O-O 12.Nb3 b5 13.a3 Rfd8 14.Bf3 Rab8 15.g4 Be8
16.Qg2 Nd7 17.g5 Nb6 18.Bc1 Nc4 19.Kh1 Qb6 20.Bg4 Bd7 21.Qh3 Qb7 22.f5 N6e5
23.g6 fxg6 24.fxg6 Nxg6 25.Bxe6+ Bxe6 26.Qxe6+ Kh8 27.Nd4 Re8 28.Qd5 Bf6
29.Qxb7 Rxb7 30.Nd5 Bxd4 31.Rxd4 Kg8 32.b3 Nce5 33.Ne3 Re6 34.Nf5 Nf7 35.Bb2 Rc7
36.Nxg7 Re5 37.Nf5 Rxc2 38.Ba1 Re2 39.Rdd1 Rc5 40.Nxd6 Rh5 41.Rxf7 Rhxh2+
42.Kg1 Reg2+ 43.Kf1 Nh4 44.Rg7+ Rxg7 45.Bxg7 Kxg7 46.Nf5+ Nxf5 47.Rd7+ Kf6
48.exf5 Rh6 49.a4 bxa4 50.bxa4 Kxf5 51.a5 Rf6 52.Rb7 h6 53.Kg2 Ke5 54.Kg3 Rd6
55.Kf3 Kd4 56.Rb6 Kc5 57.Rb8 h5 58.Kg3 Kd4 59.Rb6 Ke5 60.Rb3 Rd5 61.Ra3 Ke4
62.Ra1 Rf5 63.Kh4 Kd4 64.Rd1+ Kc3 65.Rd6 Rxa5 66.Rb6 Kc4 67.Rf6 Kd4 68.Rd6+ Ke4
69.Rb6 Ra1 70.Kxh5 a5 71.Kg4 a4 72.Ra6 a3 73.Kg3 Kd4 74.Kg2 Kc3 75.Rf6 Rc1
76.Rc6+ Kb2 77.Rb6+ Ka1 78.Kf2 a2 79.Ke2 Rb1 80.Ra6 Kb2  0-1

[Event "52nd World Juniors 2013"]
[Site "Kocaeli TUR"]
[Date "2013.09.19"]
[Round "7.1"]
[White "Eliseev,U"]
[Black "Yu Yangyi"]
[Result "0-1"]
[WhiteElo "2550"]
[BlackElo "2662"]

1.e4 c5 2.Nf3 e6 3.d4 cxd4 4.Nxd4 Nc6 5.Nc3 Qc7 6.Be3 a6 7.Qd2 Nf6 8.O-O-O Be7
9.f3 b5 10.g4 Nxd4 11.Bxd4 Bb7 12.Bd3 O-O 13.Ne2 d6 14.Ng3 Nd7 15.Kb1 Ne5
16.f4 Nf3 17.Qc3 Qxc3 18.Bxc3 d5 19.exd5 Bxd5 20.Be4 Bxe4 21.Nxe4 Rfd8 22.Rdf1 Nd4
23.f5 exf5 24.gxf5 f6 25.Rhg1 Kf7 26.Ng3 Bf8 27.Rf4 Nc6 28.a3 a5 29.b3 Bc5
30.Rg2 Rd1+ 31.Ka2 Nb4+ 32.Bxb4 axb4 33.a4 bxa4 34.Nh5 Bf8 35.bxa4 Rxa4+
36.Kb2 Raa1 37.Kb3 Rdb1+ 38.Kc4 Ra5 39.Kd3 Re5 40.Kd2 Rd5+ 41.Ke2 Rc5 42.Kd3 Rd1+
43.Ke4 Rc4+ 44.Ke3 Rc3+ 45.Ke4 Re1+  0-1

[Event "52nd World Juniors 2013"]
[Site "Kocaeli TUR"]
[Date "2013.09.19"]
[Round "7.7"]
[White "Sanal,V"]
[Black "Ter Sahakyan,S"]
[Result "1/2-1/2"]
[WhiteElo "2419"]
[BlackElo "2575"]

1.e4 c5 2.Nf3 Nc6 3.d4 cxd4 4.Nxd4 e6 5.Nc3 Qc7 6.Be3 a6 7.Qd2 Nf6 8.O-O-O Be7
9.f3 b5 10.g4 Nxd4 11.Qxd4 Bb7 12.g5 Nh5 13.Kb1 Rc8 14.Qd3 b4 15.Na4 O-O
16.Nb6 Rcd8 17.Qc4 Bc6 18.Qxa6 Rb8 19.Nc4 d5 20.Qa5 Qb7 21.Ne5 dxe4 22.Ba6 Qa8
23.Qc7 Bd5 24.Bc4 Bd8 25.Bxd5 Bxc7 26.Bxa8 Rxa8 27.Nd7 Rfe8 28.fxe4 Ra5 29.Rd4 Rea8
30.a3 bxa3 31.b4 a2+ 32.Ka1 Ra3 33.Rd3 Nf4 34.Rxa3 Rxa3 35.Bd4 Ra4 36.c3 Ne2
37.Rd1 Ra3 38.Kb2 Ra8 39.Ka1 Rd8 40.Rd2 e5 41.Be3 Nxc3 42.Rc2 Nb5 43.Rc5 Rxd7
44.Rxb5 Kf8 45.Kxa2 Rd3 46.Bc5+ Ke8 47.Rb7 Kd8 48.b5 Kc8 49.Ra7 Rc3 50.Bg1 Rc1
51.Be3 Rc3 52.Bg1 Rc1 53.Be3 Rc3  1/2-1/2

[Event "e2e4 Bedford Open 2013"]
[Site "Bedford ENG"]
[Date "2013.09.20"]
[Round "1"]
[White "Tan,Ju2"]
[Black "Andreev,Pete"]
[Result "1-0"]
[WhiteElo "2333"]
[BlackElo "2007"]

1.e4 c5 2.Nf3 Nc6 3.d4 cxd4 4.Nxd4 e6 5.Nc3 Qc7 6.g3 Nf6 7.Bg2 a6 8.O-O Nxd4
9.Qxd4 Bc5 10.Qd1 O-O 11.Bg5 d6 12.Bxf6 gxf6 13.Qg4+ Kh8 14.Rad1 Bd7 15.Qh4 Qd8
16.Rd3 Rg8 17.Kh1 b5 18.Qh5 b4 19.Ne2 Bb5 20.Rd2 Ra7 21.Rfd1 Rd7 22.Nd4 Qb6
23.f4 Rc8 24.Nxb5 axb5 25.Qh6 Qd8 26.e5 d5 27.exf6 Bf8 28.Qh4 Qa5 29.Be4 h6
30.Bd3 Qxa2 31.Re2 Qxb2 32.Re5 Rxc2 33.Rh5  1-0

[Event "TCh-CRO 2a Liga 2013"]
[Site "Bol CRO"]
[Date "2013.09.20"]
[Round "7.5"]
[White "Rade,M"]
[Black "Csonka,A1"]
[Result "1-0"]
[WhiteElo "2440"]
[BlackElo "2404"]

1.e4 c5 2.Nf3 e6 3.d4 cxd4 4.Nxd4 Nc6 5.Nc3 Qc7 6.Be2 a6 7.O-O Nf6 8.Be3 Bb4
9.Na4 Be7 10.Nxc6 bxc6 11.Nb6 Rb8 12.Nxc8 Qxc8 13.Bd4 c5 14.Be5 Rb6 15.Qd3 d6
16.Bc3 O-O 17.b3 d5 18.exd5 Nxd5 19.Be5 Bf6 20.Bxf6 Nxf6 21.Rad1 Qc7 22.Rd2 h6
23.Rfd1 Re8 24.c3 e5 25.Qh3 Rbe6 26.Bc4 R6e7 27.Qe3 e4 28.h3 Qb7 29.Rd6 Rd7
30.Qxc5 Rxd6 31.Qxd6 e3 32.fxe3 Qe4 33.Qf4 Qe7 34.Bxa6 Ra8 35.Bd3 g5 36.Qd4 Rxa2
37.Rf1 Nd7 38.Qe4 Qxe4 39.Bxe4 Re2 40.Bd5 Ne5 41.b4 Rxe3 42.c4 Kg7 43.Rb1 Rc3
44.b5 Nxc4 45.b6 Nxb6 46.Rxb6 Rc5 47.Rd6 Rc7 48.Kf2 h5 49.Ke3 Re7+ 50.Kd4 Re2
51.Rd7 Rf2 52.Ke5 g4 53.h4 g3 54.Bf3 Rb2 55.Kf5 Rb5+ 56.Rd5  1-0

[Event "TCh-CRO Ia Liga 2013"]
[Site "Bol CRO"]
[Date "2013.09.20"]
[Round "7.4"]
[White "Segovic,G"]
[Black "Paljusaj,E"]
[Result "1/2-1/2"]
[WhiteElo "2191"]
[BlackElo "2316"]

1.e4 c5 2.Nf3 Nc6 3.d4 cxd4 4.Nxd4 e6 5.Nc3 Qc7 6.Be3 a6 7.Be2 Nf6 8.O-O Bb4
9.Bd3 Ne5 10.f4 Neg4 11.Qd2 Nxe3 12.Qxe3 Bxc3 13.bxc3 Qxc3 14.e5 Nd5 15.Qe4 Qc5
16.f5 Ne7 17.Kh1 Nc6 18.Nf3 exf5 19.Qxf5 d6 20.Qg5 Be6 21.Rae1 h6 22.Qxg7 O-O-O
23.exd6 Qxd6 24.Be4 Rhg8 25.Qc3 Bxa2 26.Ra1 Bd5 27.Rad1 Qb4 28.Qxb4 Nxb4
29.Bxd5 Rxd5 30.Rxd5 Nxd5 31.Ne5 f6 32.Nf7 Rg6 33.g3 Kc7 34.Rf5 Ne7 35.Rf3 a5
36.Kg2 b5 37.Kf2 a4 38.Ke2 f5 39.Kd2 Kb6 40.Kc3 Re6 41.h4 Kc5 42.Kb2 b4 43.h5 Re2
44.Nxh6 b3 45.Ka3 Rxc2 46.Kxa4 b2 47.Rb3 Kc4 48.Rb4+ Kc3 49.Ka3 Rh2 50.Rb3+ Kd4
51.Rxb2 Rxh5 52.Nxf5+ Rxf5 53.Rb4+ Ke3 54.Ka4 Nc6 55.Rb5 Ne5 56.Rb3+ Kf2
57.Rc3 Nf3 58.Kb4 Kxg3 59.Rc8 Kf4 60.Re8 Rd5 61.Kc4 Rd1 62.Kc3 Ne5 63.Rh8 Ke3
64.Rh3+ Nf3 65.Kc4 Ke4 66.Kc5 Rd3 67.Rh8 Rd5+ 68.Kc4 Ne5+ 69.Kc3 Rd3+ 70.Kb4 Rd1
71.Rh4+ Kd5 72.Rh8 Rc1 73.Rd8+ Ke4 74.Re8 Rc7 75.Rh8 Kd4 76.Rh4+ Kd5 77.Rh5 Rc1
78.Rh8 Nc6+ 79.Kb3 Nd4+ 80.Kb2 Rc2+ 81.Ka3 Rc6 82.Kb4 Rb6+ 83.Kc3 Rb3+ 84.Kd2 Nc6
85.Rh4 Ne5 86.Rh5 Rg3 87.Rh8 Nc4+ 88.Ke2 Nd6 89.Rd8 Ke5 90.Rh8 Nc4 91.Rh5+ Kd4
92.Rh4+ Kd5 93.Rh8 Ne5 94.Ra8 Kd4 95.Ra4+ Nc4 96.Kf2 Rc3 97.Ra8 Ke4 98.Ra4 Kf4
99.Ke2 Ke5 100.Ra8 Ke4 101.Re8+ Ne5 102.Kd2 Ra3 103.Kc2 Kd5 104.Rd8+ Kc5
105.Rc8+ Nc6 106.Kd2 Kd5 107.Rh8 Kc4 108.Rc8 Kc5 109.Ke2 Kd5 110.Kd2 Nb4
111.Ke2 Kd4 112.Kf2 Rb3 113.Rd8+  1/2-1/2

[Event "63rd TCh-BUL GpB 2013"]
[Site "Sunny Beach BUL"]
[Date "2013.09.20"]
[Round "3.3"]
[White "Vutov,M"]
[Black "Todorov,Mo"]
[Result "1/2-1/2"]
[WhiteElo "2324"]
[BlackElo "2230"]

1.e4 c5 2.Nf3 e6 3.d4 cxd4 4.Nxd4 Nc6 5.Nc3 Qc7 6.Be2 a6 7.O-O Nf6 8.Kh1 Nxd4
9.Qxd4 Bc5 10.Qd3 b5 11.f4 h5 12.Bf3 Bb7 13.e5 Ng4 14.Ne4 Rb8 15.Nxc5 Qxc5
16.Qe2 Bxf3 17.Rxf3 Rc8 18.c3 O-O 19.h3 Nh6 20.Rd3 h4 21.Be3 Qc4 22.Qd2 Nf5
23.Bf2 Rc7 24.b3 Qc6 25.Qe1 g6 26.Bxh4 Nxh4 27.Qxh4 Qe4 28.Qg3  1/2-1/2

[Event "Baku Open 2013"]
[Site "Baku AZE"]
[Date "2013.09.21"]
[Round "3.32"]
[White "Sevdimaliev,U"]
[Black "Javakhishvili,L"]
[Result "1-0"]
[WhiteElo "2226"]
[BlackElo "2459"]

1.e4 c5 2.Nf3 e6 3.d4 cxd4 4.Nxd4 Nc6 5.Nc3 a6 6.g3 d6 7.Bg2 Bd7 8.O-O Nf6
9.Re1 Rc8 10.Nxc6 Bxc6 11.Nd5 Nd7 12.b3 b5 13.Bb2 Ba8 14.a4 exd5 15.exd5+ Be7
16.Bxg7 Rg8 17.Bd4 Kf8 18.axb5 axb5 19.Ra7 Rc7 20.Qh5 Bg5 21.f4 Rxa7 22.fxg5 Rxg5
23.Qh6+ Kg8 24.Re8+  1-0

[Event "e2e4 Bedford Open 2013"]
[Site "Bedford ENG"]
[Date "2013.09.21"]
[Round "3"]
[White "Collins,Andrew"]
[Black "Andreev,Pete"]
[Result "0-1"]
[WhiteElo "1737"]
[BlackElo "2007"]

1.e4 c5 2.Nf3 Nc6 3.d4 cxd4 4.Nxd4 e6 5.Nc3 Qc7 6.Be3 Nf6 7.Be2 a6 8.O-O Bb4
9.Bf3 O-O 10.Nce2 Ne5 11.Ng3 b5 12.Be2 Bb7 13.f3 Nc4 14.Bxc4 Qxc4 15.Qd3 Qc7
16.c3 Be7 17.Bf2 d5 18.exd5 Nxd5 19.Rad1 g6 20.Qb1 e5 21.Nc2 f5 22.Qc1 Rfd8
23.Rfe1 Nf4 24.Qe3 Rxd1 25.Rxd1 Nd5 26.Qe1 Rd8 27.Nb4 Nxb4 28.Rxd8+ Qxd8
29.cxb4 Qd5 30.a3 e4 31.Qe3 Bf6 32.fxe4 fxe4 33.Qe2 Qd3 34.Qg4 Qd5 35.Qe2 Qc4
36.Qd2 Bd5 37.Qf4 Bxb2 38.Qb8+ Kg7 39.Qa7+ Bf7 40.Bc5 Bf6 41.Qd7 Qd3 42.Qa7 h5
43.Be3 h4 44.Nf1 Qxa3 45.Bh6+ Kxh6 46.Qxf7 Qc3 47.Qf8+ Kh7 48.Qf7+ Bg7 49.Qf4 Qe1
50.g3 Bd4+ 51.Kh1 Qf2 52.Qxh4+ Kg7 53.Qe7+ Qf7 54.Qxf7+ Kxf7 55.Nd2 e3 56.Nf3 Bc3
57.Ng5+ Ke7  0-1

[Event "Dnipropetrovsk A 2013"]
[Site "Dnipropetrovsk UKR"]
[Date "2013.09.21"]
[Round "8.5"]
[White "Kalinina,O"]
[Black "Tsirulnik,Mari"]
[Result "1-0"]
[WhiteElo "2290"]
[BlackElo "2174"]

1.e4 c5 2.Ne2 Nc6 3.Nbc3 e6 4.d4 cxd4 5.Nxd4 d6 6.f4 Qc7 7.Nf3 a6 8.a4 Nf6
9.Bd3 g6 10.O-O Bg7 11.Qe1 O-O 12.Qh4 d5 13.e5 Ne8 14.Ng5 h6 15.Nf3 Qd8 16.Qf2 b6
17.b3 f5 18.Qg3 Kh7 19.Nh4 g5 20.Nf3 gxf4 21.Bxf4 Qe7 22.Ne2 Rg8 23.Qh3 Bf8
24.Qh5 Ra7 25.c3 Qf7 26.Qh3 Qg6 27.Ng3 Qg4 28.Qxg4 Rxg4 29.Nh5 Be7 30.h3 Rg8
31.Kh2 Ng7 32.Nxg7 Kxg7 33.g4 Bg5 34.Bg3 Rf7 35.gxf5 exf5 36.Rae1 Re8 37.Rg1 Kf8
38.h4 Bd8 39.Bf4 Re6 40.h5 Bc7 41.b4 Rfe7 42.Bxf5 Nxe5 43.Nxe5 Rxe5 44.Rxe5 Bxe5
45.Bxe5 Rxe5 46.Bxc8 Rxh5+ 47.Kg3 a5 48.b5 Re5 49.Kf4 Re4+ 50.Kf5 Rxa4 51.Be6 Rc4
52.Kf6 Rf4+ 53.Ke5 Rf3 54.Kd6 Ke8 55.Bxd5  1-0

[Event "52nd World Juniors 2013"]
[Site "Kocaeli TUR"]
[Date "2013.09.21"]
[Round "8.1"]
[White "Yu Yangyi"]
[Black "Cori,J"]
[Result "1/2-1/2"]
[WhiteElo "2662"]
[BlackElo "2587"]

1.e4 c5 2.Nf3 e6 3.d4 cxd4 4.Nxd4 Nc6 5.Nc3 Qc7 6.Be3 a6 7.Qd2 Nf6 8.O-O-O Be7
9.f4 b5 10.e5 b4 11.Ncb5 axb5 12.Nxb5 Qb8 13.exf6 gxf6 14.Kb1 d5 15.c4 bxc3
16.Qxc3 Bd7 17.Bc5 O-O 18.Qg3+ Kh8 19.Qh4 Bxc5 20.Qxf6+ Kg8 21.Qg5+ Kh8 22.Qf6+ Kg8
23.Qg5+ Kh8 24.Qf6+ Kg8 25.Qg5+ Kh8  1/2-1/2

[Event "52nd World Juniors 2013"]
[Site "Kocaeli TUR"]
[Date "2013.09.21"]
[Round "8.3"]
[White "Idani,P"]
[Black "Grover,S"]
[Result "1/2-1/2"]
[WhiteElo "2480"]
[BlackElo "2479"]

1.e4 c5 2.Nf3 e6 3.d4 cxd4 4.Nxd4 Nc6 5.Nc3 Qc7 6.Be3 a6 7.Qd2 Nf6 8.O-O-O Be7
9.f3 b5 10.g4 Nxd4 11.Bxd4 Bb7 12.Kb1 O-O 13.Be3 b4 14.Ne2 d5 15.g5 Nd7 16.exd5 Bxd5
17.Nf4 Bc6 18.Qg2 a5 19.Qg3 Qe5 20.Bc1 b3 21.cxb3 a4 22.Bd3 axb3 23.a3 Rfb8
24.Bxh7+ Kxh7 25.g6+ Kg8 26.gxf7+ Kxf7 27.Qg6+ Kg8 28.Rhe1 Qc5 29.Qxe6+ Kh7
30.Qxe7 Qc2+ 31.Ka1 Nc5 32.Rd2 Rxa3+ 33.bxa3 b2+ 34.Bxb2 Nb3+ 35.Ka2 Nc1+
36.Ka1  1/2-1/2

[Event "52nd World Juniors 2013"]
[Site "Kocaeli TUR"]
[Date "2013.09.21"]
[Round "8.6"]
[White "Kanarek,M"]
[Black "Vidit,S"]
[Result "0-1"]
[WhiteElo "2483"]
[BlackElo "2565"]

1.e4 c5 2.Nf3 e6 3.d4 cxd4 4.Nxd4 Nc6 5.Nc3 Qc7 6.Be3 a6 7.Qd2 Nf6 8.O-O-O Be7
9.f3 b5 10.g4 Nxd4 11.Bxd4 b4 12.Na4 Rb8 13.Kb1 O-O 14.Qf2 d5 15.e5 Nd7 16.f4 f6
17.Qe3 fxe5 18.fxe5 Qc6 19.b3 a5 20.Bd3 Ba6 21.Rhf1 Rbc8 22.Qe2 Bxd3 23.Qxd3 Bg5
24.Rxf8+ Rxf8 25.Rf1 Rf4 26.Rxf4 Bxf4 27.Qe2 Qc7 28.Qa6 Kf7 29.Qf1 g5 30.Qd3 Nf8
31.Qe2 Ng6 32.h3 Nxe5 33.Bb6 Qb7 34.Bxa5 d4 35.Qd1 d3 36.cxd3 Nxd3 37.a3 Qe4
38.Ka2 Nc1+ 39.Kb2 Qg2+ 40.Qc2 bxa3+  0-1

[Event "52nd World Juniors 2013"]
[Site "Kocaeli TUR"]
[Date "2013.09.21"]
[Round "8.12"]
[White "Kurayan,R"]
[Black "Pavlidis,Ant"]
[Result "1/2-1/2"]
[WhiteElo "2398"]
[BlackElo "2471"]

1.e4 c5 2.Nf3 e6 3.d4 cxd4 4.Nxd4 Nc6 5.Nc3 Qc7 6.Be3 a6 7.Qd2 Nf6 8.O-O-O Be7
9.f3 b5 10.g4 Nxd4 11.Qxd4 Bb7 12.g5 Nh5 13.Bh3 f6 14.Kb1 fxg5 15.Bg4 Nf6
16.Bxg5 Bc5 17.Qd2 Nxg4 18.fxg4 O-O 19.Qxd7 Qxd7 20.Rxd7 Bc6 21.Rc7 Rac8
22.Rxc8 Rxc8 23.Re1 Rf8 24.Nd1 Bd4 25.Be3 Bxe3 26.Rxe3 Rf4 27.h3 Bxe4 28.Kc1 Kf7
29.Nc3 Bc6 30.Kd2 Kf6 31.Kd3 e5 32.Ne4+ Ke7 33.c3 Bd5 34.b3 a5 35.Ng3 a4
36.Rxe5+ Kd6 37.Rf5 g5 38.Rxf4 gxf4 39.Nf5+ Ke5 40.Nd4 axb3 41.axb3 Bg2 42.b4 Bxh3
43.Kd2 Ke4 44.Nxb5 Bxg4 45.Nd6+ Kd5 46.Nf7 h5 47.b5 Kc5 48.c4 Bc8 49.Ne5 Kd4
50.Nd3 f3 51.c5 Bf5 52.Nf4 Kxc5 53.Nxh5  1/2-1/2

[Event "2nd GP Pyramides-Trophee Kaissa"]
[Site "Le Port-Marly FRA"]
[Date "2013.09.21"]
[Round "2.4"]
[White "Guliyev,N"]
[Black "Adeimi,M"]
[Result "1-0"]
[WhiteElo "2559"]
[BlackElo "1943"]

1.e4 c5 2.Nf3 e6 3.d4 cxd4 4.Nxd4 Nc6 5.Nc3 Nf6 6.Ndb5 Bc5 7.Bf4 O-O 8.Bc7 Qe7
9.Bd6 Bxd6 10.Qxd6 Qd8 11.O-O-O a6 12.Nd4 Qb6 13.Nxc6 bxc6 14.f3 Rb8 15.Na4 Qb4
16.Qxb4 Rxb4 17.Nc5 d5 18.c3 Rb6 19.b4 Nd7 20.Nb3 Bb7 21.Be2 Rc8 22.Kb2 c5
23.exd5 Bxd5 24.c4 Bc6 25.b5 axb5 26.cxb5 Bd5 27.a4 c4 28.Rc1 Rbb8 29.Nd4 Nc5
30.Ka3 Ra8 31.Bd1 e5 32.Nf5 Kf8 33.Ne3 Be6 34.Rc3 Rcb8 35.Nxc4 Rxb5 36.Bc2 Bxc4
37.Rxc4 Rba5 38.Rd1 Ke7 39.f4 Ne6 40.Be4 Rb8 41.fxe5 Rxe5 42.Rd5 Rxd5 43.Bxd5 Kd6
44.Bxe6 fxe6 45.a5 e5 46.Ka4 Kd5 47.Rc7 g6 48.a6 Rb2 49.a7 Ra2+ 50.Kb3 Ra6
51.Rxh7 Kd4 52.Rd7+ Ke3 53.Kb4 e4 54.Kb5 Ra2 55.Kb6 Kf2 56.Rd2+ Rxd2 57.a8=Q Re2
58.Qc6 Kxg2 59.Qxg6+ Kf1 60.Kc5 Rxh2 61.Qxe4 Re2 62.Qf3+ Ke1 63.Kc4 Kd2 64.Kd4 Ke1
65.Qh1+ Kf2 66.Qh4+ Kf3 67.Qh5+ Kf2 68.Kd3 Re1 69.Qh4+ Kf1 70.Qh2 Rd1+ 71.Ke3 Re1+
72.Kf3 Re8  1-0

[Event "2nd GP Pyramides-Trophee Kaissa"]
[Site "Le Port-Marly FRA"]
[Date "2013.09.21"]
[Round "4.3"]
[White "Dourerassou,J"]
[Black "Tregubov,P"]
[Result "0-1"]
[WhiteElo "2484"]
[BlackElo "2608"]

1.e4 c5 2.Nc3 e6 3.Nge2 Nc6 4.d4 cxd4 5.Nxd4 Nf6 6.Ndb5 Bb4 7.a3 Bxc3+ 8.Nxc3 d5
9.exd5 exd5 10.Bd3 O-O 11.O-O d4 12.Ne4 Bf5 13.Bg5 Bxe4 14.Bxe4 h6 15.Bxf6 Qxf6
16.Qf3 Qxf3 17.Bxf3 Ne5 18.Be2 Rac8 19.Rac1 Nc4 20.Bxc4 Rxc4 21.Rfd1 Rfc8
22.Rd2 b5 23.Kf1 b4 24.axb4 Rxb4 25.c3 Rbc4 26.Ra1 dxc3 27.bxc3 Rxc3 28.Rxa7 Rc1+
29.Ke2 Re8+ 30.Kd3 Rg1 31.g3 g5 32.Raa2 Kg7 33.Re2 Rd8+ 34.Ke3 Rd6 35.f4 g4
36.Kf2 Rdd1 37.Ke3 Kg6 38.Ra5 Rgf1 39.Ke4 Rd8 40.Rd5 Re8+ 41.Re5 Ra8 42.Rb5 f6
43.Kd5 Rd1+ 44.Kc6 Rc1+ 45.Kb7 Rcc8 46.Rb6 h5 47.Rd6 Rab8+ 48.Ka7 Rb1 49.Ree6 Rf8
50.Re2 Rf1 51.Kb6 h4 52.Rd3 Rc8 53.Kb7 Rc4 54.Rb2 Rf3 55.Rxf3 gxf3 56.Rb3 f2
57.Rf3 Rc2 58.g4 h3 59.Kb6 f5 60.gxf5+ Kxf5 61.Kb5 Ke4  0-1

[Event "2nd GP Pyramides-Trophee Kaissa"]
[Site "Le Port-Marly FRA"]
[Date "2013.09.21"]
[Round "6.1"]
[White "Guliyev,N"]
[Black "Tregubov,P"]
[Result "1/2-1/2"]
[WhiteElo "2559"]
[BlackElo "2608"]

1.e4 c5 2.Nf3 e6 3.d4 cxd4 4.Nxd4 Nc6 5.Nc3 Nf6 6.Ndb5 Bb4 7.a3 Bxc3+ 8.Nxc3 d5
9.exd5 exd5 10.Bd3 O-O 11.O-O d4 12.Ne2 Bg4 13.f3 Bh5 14.Nf4 Bg6 15.Nxg6 hxg6
16.f4 Ne7 17.Qf3 Nfd5 18.Bd2 Nf5 19.Rfe1 Rc8 20.Re5 Nde3 21.Qxb7 Rb8 22.Qe4 Ng4
23.Rxf5 gxf5 24.Qxf5 Qh4 25.h3 Nf6 26.b4 Rfe8 27.Rf1 Rbd8 28.Qg5 Qxg5 29.fxg5 Ne4
30.Bf4 Nc3 31.Kh2 Nd5 32.Bc1 Ne3 33.Rf2 g6 34.Rf4 Re5 35.h4 Re6 36.Bb2 Red6
37.b5 Nd1 38.Ba1 R8d7 39.a4 Rd5 40.Rf6 R7d6 41.Rf1 Nc3 42.a5 Rc5 43.Bxc3 dxc3
44.Rf3 Rd4 45.Kh3 Ra4 46.a6 Kg7 47.Re3 Rd4 48.g4 Rdd5 49.Kg3 Rd4 50.Kf3 Rc8
51.h5 Rc5 52.h6+ Kh7 53.Ke2 Rxg5 54.Re7 Kxh6 55.Ke3 Rd8 56.Rxa7 Re5+ 57.Kf4 f6
58.Rc7 Rxd3 59.cxd3 Rxb5 60.Rxc3 Ra5 61.Rc6 Ra4+ 62.Ke3 Kg5 63.d4 f5 64.gxf5 Kxf5
65.d5 g5 66.d6 Ke6 67.Kf3 Kd7 68.Rb6 Ke6 69.Kg3 Kd7 70.Kf3 Ke6 71.Ke3 g4
72.Kf2 Ra3 73.Kg2 Kd7 74.Kh2 Ke6 75.Kg2 Kd7 76.Kf2 Ke6 77.Kg2  1/2-1/2

[Event "TCh-NED Meesterklasse 2013-14"]
[Site "Netherland NED"]
[Date "2013.09.21"]
[Round "1.5"]
[White "Pijpers,A"]
[Black "Quist,J"]
[Result "1-0"]
[WhiteElo "2360"]
[BlackElo "2310"]

1.e4 c5 2.Nf3 e6 3.d4 cxd4 4.Nxd4 Nc6 5.Nc3 Qc7 6.g3 a5 7.Bg2 d6 8.O-O Bd7
9.Re1 Be7 10.Nxc6 bxc6 11.Na4 Rb8 12.c4 c5 13.Nc3 Nf6 14.b3 Bc6 15.Bf4 Nd7
16.Qd2 Ne5 17.Rad1 O-O 18.Nd5 exd5 19.exd5 Nxc4 20.Qe2 Rfe8 21.dxc6 Nb6 22.Rxd6 Bf8
23.Qxe8 Rxe8 24.Rxe8  1-0

[Event "TCh-CRO Ia Liga 2013"]
[Site "Bol CRO"]
[Date "2013.09.22"]
[Round "9.3"]
[White "Fercec,N"]
[Black "Bilobrk,F"]
[Result "1/2-1/2"]
[WhiteElo "2484"]
[BlackElo "2393"]

1.e4 c5 2.Nf3 e6 3.d4 cxd4 4.Nxd4 Nc6 5.Nc3 Qc7 6.Be3 a6 7.Qd2 Nf6 8.O-O-O Bb4
9.f3 Ne5 10.Nb3 b5 11.Qf2 O-O 12.Bb6 Qb8 13.Bc5 Bxc5 14.Qxc5 d5  1/2-1/2

[Event "52nd World Juniors 2013"]
[Site "Kocaeli TUR"]
[Date "2013.09.22"]
[Round "9.31"]
[White "Akhmetov,Ay"]
[Black "Carneiro,Vitor Roberto Castro"]
[Result "1/2-1/2"]
[WhiteElo "2382"]
[BlackElo "2263"]

1.e4 c5 2.Nf3 e6 3.d4 cxd4 4.Nxd4 Nc6 5.Nc3 Qc7 6.g3 a6 7.Bg2 d6 8.O-O Bd7
9.Re1 Nf6 10.Nxc6 bxc6 11.e5 dxe5 12.Qe2 Bd6 13.Bg5 h6 14.Bxf6 gxf6 15.Ne4 Be7
16.Qc4 Rb8 17.b4 Qb6 18.Red1 Qxb4 19.Qd3 Bc8 20.a3 Qb6 21.Nd6+ Kf8 22.Qc4 Qc7
23.Nxc8 Qxc8 24.Rd3 f5 25.Rad1 Kg7 26.g4 e4 27.Rd7 Rb1 28.gxf5 Qxd7 29.f6+ Bxf6
30.Rxb1 Qd4 31.Qxd4 Bxd4 32.Bxe4 c5 33.Rb6 a5 34.Rb5 f5 35.Bf3 a4 36.Kf1 e5
37.Bd5 Rd8 38.c4 Kf6 39.h4 e4 40.Rb6+ Ke5 41.h5 Kf4 42.Kg2 Kg5 43.Bf7 f4
44.Rg6+ Kf5 45.Be6+ Ke5 46.Bg4 f3+ 47.Kg3 Bxf2+ 48.Kxf2 Kf4 49.Bxf3 exf3
50.Rf6+ Ke4 51.Re6+ Kd4 52.Ra6 Kxc4 53.Rxa4+ Kb5 54.Rf4 Rd3 55.a4+ Ka5 56.Rf6 c4
57.Rxh6 Kxa4 58.Rc6 c3 59.h6 Kb3 60.h7 Rd8 61.Kxf3 c2 62.Kg4 Kb2 63.Kf5  1/2-1/2

[Event "52nd World Juniors 2013"]
[Site "Kocaeli TUR"]
[Date "2013.09.22"]
[Round "9.12"]
[White "Pavlidis,Ant"]
[Black "Saiyn,Z"]
[Result "1-0"]
[WhiteElo "2471"]
[BlackElo "2337"]

1.e4 c5 2.Nf3 e6 3.d4 cxd4 4.Nxd4 Nc6 5.Nc3 Qc7 6.f4 Nxd4 7.Qxd4 a6 8.Be3 b5
9.Bd3 Ne7 10.a4 Nc6 11.Qb6 Qxb6 12.Bxb6 b4 13.Nb1 Be7 14.Nd2 O-O 15.a5 d6
16.Nc4 Bb7 17.Bc7 d5 18.exd5 exd5 19.Nb6 Rae8 20.O-O-O Bd8 21.Bd6 Be7 22.Bc7 Bd8
23.Nxd5 Nxa5 24.Bxd8 Rxd8 25.Nxb4 Bxg2 26.Rhg1 Bf3 27.Rdf1 Bb7 28.Rg5 f5
29.Bxf5 Nc6 30.Nxc6 Bxc6 31.Rfg1 Kh8 32.Bd3 g6 33.f5 gxf5 34.Bxf5 Rf7 35.Bd3 Bb5
36.Bf5 Rdf8 37.Be6 Rf1+ 38.Rxf1 Rxf1+ 39.Kd2 Rf2+ 40.Kc3 h6 41.Rh5 Kg7 42.Rh4 Kg6
43.h3 Rh2 44.Re4 Kg5 45.Re5+ Kf6 46.Re3 Kg5 47.Bg4 Kg6 48.Rg3 Kf6 49.Kb3 Be8
50.Rf3+ Ke7 51.Re3+ Kd8 52.c4 a5 53.Re5 h5 54.Bf5 a4+ 55.Kc3 Rf2 56.Bc2 Rf3+
57.Kb4 a3 58.bxa3 Rxh3 59.a4 Rh2 60.Bf5 h4 61.a5 Ra2 62.Bh3 Bc6 63.Rh5 Ra4+
64.Kb3 Ra1 65.Kb2 Ra4 66.Rc5 Bb7 67.Bf5 Bg2 68.Bc2 Rb4+ 69.Kc3 Rb7 70.Rh5 h3
71.Rh8+ Kc7 72.Rh6 Kb8 73.Bf5 Rf7 74.Be6 Rf1 75.Kd4 Ka7 76.Kc5 Ra1 77.Rh7+ Kb8
78.Bxh3 Bb7 79.Bd7 Rxa5+ 80.Bb5 Ra1 81.Kb6 Bc8 82.c5 Rg1 83.c6 Rg6 84.Rh8 Rg7
85.Ba6 Rb7+ 86.Kc5 Rc7 87.Kd6  1-0

[Event "Baku Open 2013"]
[Site "Baku AZE"]
[Date "2013.09.23"]
[Round "5.4"]
[White "Safarli,E"]
[Black "Jumabayev,R"]
[Result "1/2-1/2"]
[WhiteElo "2660"]
[BlackElo "2562"]

1.e4 c5 2.Nf3 e6 3.d4 cxd4 4.Nxd4 Nc6 5.Nc3 Qc7 6.Be3 a6 7.Qd2 Nf6 8.O-O-O b5
9.Bf4 Ne5 10.Nf3 Nxf3 11.gxf3 Qa5 12.Bd6 b4 13.Nb1 Qb6 14.Bxf8 Kxf8 15.Rg1 h6
16.Qf4 Qc5 17.Nd2 Nh5 18.Qe3 Qxe3 19.fxe3 Ke7 20.Nc4 g5 21.Rg2 Rd8 22.Rgd2 Nf6
23.Nd6 a5 24.Bb5 Ba6 25.e5 Nd5 26.e4 Nb6 27.Bxa6 Rxa6 28.f4 gxf4 29.Rf2 Nc8
30.Nb7 Rg8 31.Rxf4 Rc6 32.Rf2 a4 33.b3 axb3 34.axb3 Rg5 35.Rdf1 Rg7 36.Rd1 Rg5
37.Rdf1 Rg7 38.Rd1  1/2-1/2

[Event "39th National ch-BAN"]
[Site "Dhaka BAN"]
[Date "2013.09.23"]
[Round "3.2"]
[White "Mohammad,J"]
[Black "Ahmed,SN"]
[Result "1/2-1/2"]
[WhiteElo "2197"]
[BlackElo "2314"]

1.e4 c5 2.Nf3 e6 3.d4 cxd4 4.Nxd4 Nc6 5.Nc3 Qc7 6.g3 a6 7.Bg2 Nf6 8.O-O Be7
9.a4 O-O 10.Nb3 Rb8 11.f4 b5 12.e5 Ne8 13.axb5 axb5 14.Be3 d6 15.Qe2 Bb7
16.Nxb5 Qc8 17.exd6 Nxd6 18.Nxd6 Bxd6 19.Rfd1 Be7 20.Nc5 Nd4 21.Bxd4 Bxc5
22.c3 h6 23.Qf2 Bxd4 24.Rxd4 Bxg2 25.Qxg2 Rb3 26.Rd2 Qb8 27.Qf2 Qb5 28.Rad1 Qa5
29.Rd7 Rfb8 30.R7d2 Qb6 31.Qxb6 R8xb6 32.c4 Rxb2 33.c5 Rxd2 34.Rxd2 Rc6 35.Rc2 Kf8
36.Kf2 Ke7 37.Ke3 Kd7 38.Kd4 Ra6 39.Kc4 Kc6 40.Rb2 Ra4+ 41.Rb4 Ra2 42.Rb6+ Kc7
43.h4 h5 44.Rb3 Ra6 45.Kb5 Ra1 46.Kc4 Rc1+ 47.Kb5 Ra1  1/2-1/2

[Event "Baku Open 2013"]
[Site "Baku AZE"]
[Date "2013.09.24"]
[Round "6.5"]
[White "Solak,D"]
[Black "Safarli,E"]
[Result "1-0"]
[WhiteElo "2615"]
[BlackElo "2660"]

1.e4 c5 2.Nf3 e6 3.d4 cxd4 4.Nxd4 Nc6 5.Nc3 Qc7 6.Be3 Nf6 7.Bd3 a6 8.O-O Nxd4
9.Bxd4 Bc5 10.Bxc5 Qxc5 11.Qd2 O-O 12.Rae1 d6 13.Re3 e5 14.Rf3 Kh8 15.Rxf6 gxf6
16.Qh6 Rg8 17.Nd5 Rg6 18.Qf8+ Rg8 19.Qxf7 Bh3 20.Qxf6+ Rg7 21.Ne3 Qc8 22.Rd1 Qf8
23.Qxf8+ Rxf8 24.Kf1 Rxg2 25.Nxg2 Rg8 26.Ke2 Rxg2 27.Ke3 Rg6 28.f4 exf4+
29.Kxf4 Kg7 30.Rd2 Kf6 31.Rf2 Ke7 32.e5 Rg4+ 33.Ke3 dxe5 34.Rf5 Kd6 35.Rf6+ Kc5
36.Rh6 Bg2 37.Rxh7 Bc6 38.Rh5 Kd6 39.Rh6+ Kc5 40.a3 a5 41.b3 Bd5 42.c4 Bc6
43.Rh5 Kd6 44.b4 axb4 45.axb4 b6 46.Rh6+ Kc7 47.Be2 Re4+ 48.Kf2 Rf4+ 49.Kg3 Bh1
50.Rh4 Rf7 51.Rg4 e4 52.h4 e3 53.h5 Rf2 54.Rh4 Bb7 55.Rh2 Rxh2 56.Kxh2 Kd6
57.Kg3 Ke5 58.Bf3 Be4 59.h6 Bd3 60.c5 bxc5 61.bxc5 Kf6 62.c6 Kg6 63.c7 Ba6
64.Kf4 Kxh6 65.Kxe3 Kg5 66.Kd4 Kf4 67.Bg2 Bc8 68.Be4 Be6 69.Bg2 Bc8 70.Kd5 Ke3
71.Kc5 Kd3 72.Bc6 Kc3 73.Be8 Kb3 74.Kc6  1-0

[Event "52nd World Juniors 2013"]
[Site "Kocaeli TUR"]
[Date "2013.09.24"]
[Round "11.3"]
[White "Eliseev,U"]
[Black "Cori,J"]
[Result "0-1"]
[WhiteElo "2550"]
[BlackElo "2587"]

1.e4 c5 2.Nf3 e6 3.d4 cxd4 4.Nxd4 Nc6 5.Nc3 Qc7 6.Be3 a6 7.Qd2 Nf6 8.O-O-O Be7
9.f3 b5 10.g4 Nxd4 11.Qxd4 Bb7 12.g5 Nh5 13.Kb1 Rc8 14.Qd2 b4 15.Ne2 d5 16.e5 Qxe5
17.Ng3 Nxg3 18.hxg3 Qc7 19.Rh2 Bc5 20.f4 h6 21.Bd4 Kf8 22.f5 e5 23.gxh6 f6
24.Bxc5+ Qxc5 25.Bd3 d4 26.b3 Qc3 27.Qe2 gxh6 28.Rh4 Bd5 29.Qh2 Qc7 30.g4 Kg7
31.Bxa6 Ra8 32.Rxd4 Qa5 33.Rd3 Qxa6 34.a4 bxa3 35.Ka2 Qc6 36.Qd2 Bf7 37.Rdh3 Rac8
38.c4 Rcd8 39.Qh2 Qd6  0-1

[Event "52nd World Juniors 2013"]
[Site "Kocaeli TUR"]
[Date "2013.09.25"]
[Round "12.45"]
[White "Kitir,Ahmet"]
[Black "Meftahi,Houssem"]
[Result "1-0"]
[WhiteElo "1866"]
[BlackElo "2076"]

1.e4 c5 2.Nf3 e6 3.d4 cxd4 4.Nxd4 Nc6 5.Nc3 Qc7 6.Be2 a6 7.a3 Nf6 8.O-O Nxd4
9.Qxd4 Bc5 10.Qd3 b5 11.Bf3 Rb8 12.g3 d6 13.b4 Ba7 14.Bf4 Ke7 15.Rad1 e5
16.Bg5 Be6 17.Nd5+ Bxd5 18.exd5 Rbc8 19.Bg4 Rb8 20.Rfe1 Qb6 21.Kh1 h6 22.Bxf6+ gxf6
23.f4 h5 24.Bh3 Rbg8 25.fxe5 fxe5 26.Qf5 Qc7 27.Rxe5+ Kf8 28.Re4  1-0